| 000 | 00402nam a2200145 i 4500 | ||
|---|---|---|---|
| 001 | 74003 | ||
| 003 | ES-MaACL | ||
| 007 | t| | ||
| 008 | 040914s1955 sp ||||1| spa d | ||
| 100 | 1 |
_aGonzález, José María. _958338 |
|
| 245 | 1 | 3 |
_aEl día de Colón y de la Hispanidad / _cColumbia (seud.). |
| 260 |
_aOviedo : _b[s.n., _c1955] ( _fLux) |
||
| 300 |
_a220 p. ; _c19 cm. |
||
| 852 |
_aES-MaACL _jC-9829 |
||
| 999 |
_c74003 _d74003 |
||